000 00491nam a2200181Ia 4500
003 OSt
005 20260106111048.0
008 210210b1949 xxu||||| |||| 00| 0 eng d
040 _cAL
041 _aKannada
082 _a859/1568
100 _aRAMARAV (M)
_980100
_dರಾಮರಾವ್ (ಎಂ)
245 _aJaladevate
_bಜಲದೇವತೆ
260 _aBengaluru
_bSatyashodhana Prakatana Mandira
_c1949
690 _aKannada Fiction
_980101
906 _a022295
942 _2ddc
_cBK
999 _c146595
_d146595